Word Ladder: Cary Grant Movies Quiz Stats

 Plays Quiz Updated Jul 27, 2018

Challenge
Share
Tweet
Embed
Score 0/34 Timer 04:00
0 Plays Today
Clue 4-Letter Answer % Correct
2007 blockbuster: ''____ Free or Die Hard''LIVE
97.8%
★ ''Once Upon a ____'' (1944) ★●TIME●
97.3%
★ ''When You're in ____'' (1937) ★ ●LOVE●
97.2%
Yellow-green, citrus fruitLIME
97.2%
★ ''____, Don't Run'' (1966) ★●WALK●
95.7%
Divider between roomsWALL
95.5%
2000 movie: ''Proof of ____''LIFE
95.1%
★ ''Room for One ____'' (1952) ★●MORE●
95%
★ ''The ____ of the Town'' (1942) ★●TALK●
94.9%
★ ''People ____ Talk'' (1951) ★●WILL●
94.9%
RippedTORE
94.7%
ExhaustTIRE
94.5%
StoryTALE
94.2%
Often used phrase: ''____ We Forget''LEST
94.2%
Boat's pole that holds the sailsMAST
94.1%
Bad, like a punny jokeLAME
94.1%
TV miniseries: ''Lonesome ____''DOVE
93.6%
Clue 4-Letter Answer % Correct
1990 movie: ''Bird on a ____''WIRE
93.5%
★ ''The ____ Outpost'' (1935) ★●LAST●
93.1%
Most suitableBEST
92.9%
1988 movie: ''Gorillas in the ____''MIST
92.6%
Pants supporterBELT
92.3%
★ ''My Favorite ____'' (1940) ★●WIFE●
92.2%
★ ''She ____ Him Wrong'' (1933) ★●DONE●
91.8%
Bog; marshMIRE
90.6%
★ ''Arsenic and Old ____'' (1944) ★●LACE●
90%
2007 movie: ''The Diving ____ and the Butterfly''BELL
86.3%
★ ''I Was a ____ War Bride'' (1949) ★●MALE●
84.7%
Make money by stamping metalMINT
84.1%
1959 movie: ''Pork Chop ____''HILL
83.3%
Spice made from nutmeg shellMACE
82.8%
★ ''Merrily We Go to ____'' (1932) ★●HELL●
81.3%
★ ''____ But the Lonely Heart'' ('44) ★●NONE●
73.8%
★ ''That Touch of ____'' (1962) ★●MINK●
56.6%

Today's Daily Dose

Missing Word
No Snow!

Word Ladder
Wild Cats

On This Day
December 16th II

You're not logged in!

Compare scores with friends on all Sporcle quizzes.
OR
Log In

You Might Also Like...

Show Comments

Extras

Top Quizzes Today


Score Distribution

Your Account Isn't Verified!

In order to create a playlist on Sporcle, you need to verify the email address you used during registration. Go to your Sporcle Settings to finish the process.

Report this User

Report this user for behavior that violates our Community Guidelines.

Details: